Očakávaní finalisti sú už realitou extraliga basketbalistiek - druhé zápasy semifinále play-off

Bibliographic Details
Format: Article
Language:Slovak
PhysicalDescription:Fotogr., tab.
ISSN:0139-7001
Subjects:

MARC

LEADER 00000nab a2200000 ar4500
001 vtls008964185
003 SK-MaSNL
005 20260303070808.0
008 070418c20070410xo mr|p|||||||000 b|slo
015 |a SNKBUCL2007/04  |2 snkbucl 
038 |a SNKBUCL 
040 |a SNKBUCL  |b slo  |c SNKBUCL  |e AACR2 
041 0 |a slo 
044 |a xo  |c SK 
080 |a 796.323.2.093.1  |2 2001 
245 0 0 |a Očakávaní finalisti sú už realitou  |b extraliga basketbalistiek - druhé zápasy semifinále play-off 
300 |b Fotogr., tab. 
648 7 |a sezóna 2006/2007  |2 snkbucl  |9 1032718 
650 0 7 |a basketbal  |2 snkbucl  |9 3290 
650 0 7 |a extraliga  |2 snkbucl  |9 18992 
650 0 7 |a ženy  |2 snkbucl  |9 4865 
650 0 7 |a semifinále play-off  |2 snkbucl  |9 1033220 
773 0 |t Šport  |g Roč. 61, č. 82 (10.4.2007), s. 36  |x 0139-7001 
852 |a SNK  |b KIS3GCP 
999 |c 1756974  |d 1758904